Normal view
MARC view
- Moore J E
Entry Personal Name
001 - CONTROL NUMBER
- control field: 214610
003 - CONTROL NUMBER IDENTIFIER
- control field: OSt
005 - DATE AND TIME OF LATEST TRANSACTION
- control field: 20251015122557.0
008 - FIXED-LENGTH DATA ELEMENTS
- fixed length control field: 251015|| aca||aabn | a|a d
040 ## - CATALOGING SOURCE
- Original cataloging agency: OSt
- Transcribing agency: OSt
100 ## - HEADING--PERSONAL NAME
- Personal name: Moore J E
670 ## - SOURCE DATA FOUND
- Source citation: Work cat.: (OSt)368906: Moore J E, Design For Good Acoustics And Noise Control, 1988